[Event "21st Reykjavik op"]
[Site "Reykjavik ISL"]
[Date "2004.03.15"]
[Round "8.15"]
[White "Olafsson, Helgi"]
[Black "Kononenko, Tatiana"]
[WhiteElo "2270"]
[BlackElo "2353"]
[Result "1-0"]
[EventDate "2004.03.07"]
[PlyCount "79"]

1.d4 d5 2.c4 e6 3.e3 c6 4.Nf3 f5 5.Be2 Nf6 6.O-O Bd6 7.b3 Qe7 8.Bb2 O-O 9.
Nbd2 b6 10.Ne5 Bb7 11.Rc1 c5 12.Ndf3 Nbd7 13.Rc2 Rac8 14.cxd5 Nxd5 15.Nxd7
Qxd7 16.dxc5 Bxc5 17.Ne5 Qe7 18.Bf3 Rfd8 19.Qb1 Nf6 20.Bxb7 Qxb7 21.Nf3 
Ne4 22.b4 Be7 23.Rxc8 Qxc8 24.Bd4 Bf6 25.Rc1 Qd7 26.Qc2 Bxd4 27.Nxd4 Qd5 
28.f3 Nf6 29.a3 Rd7 30.Qc8+ Kf7 31.Qc3 Kg8 32.h3 h6 33.Qc8+ Kf7 34.Nc6 Kg6
35.Qxd7 Nxd7 36.Ne7+ Kf6 37.Nxd5+ exd5 38.Rc7 Ne5 39.Rxa7 Nc4 40.Kf2 1-0

[Event "21st Reykjavik op"]
[Site "Reykjavik ISL"]
[Date "2004.03.15"]
[Round "8.16"]
[White "Pavlovic, Milos"]
[Black "Hardarson, Robert"]
[WhiteElo "2548"]
[BlackElo "2307"]
[Result "1/2-1/2"]
[EventDate "2004.03.07"]
[PlyCount "76"]

1.e4 e5 2.Nf3 Nc6 3.Bb5 a6 4.Ba4 Nf6 5.d3 b5 6.Bb3 Bc5 7.a4 Rb8 8.axb5 
axb5 9.Nc3 h6 10.Be3 Bxe3 11.fxe3 d6 12.O-O Be6 13.Nh4 Ne7 14.Rxf6 gxf6 
15.Qh5 Kd7 16.Nd5 Bxd5 17.Bxd5 Qg8 18.Qf3 Qg5 19.Qh3+ Ke8 20.Ra7 Rc8 21.
Bc6+ Kf8 22.Bd7 Rb8 23.Rxc7 d5 24.Bc8 Nxc8 25.Rxc8+ Rxc8 26.Qxc8+ Kg7 27.
Nf5+ Kh7 28.Qd7 Qh5 29.h3 dxe4 30.dxe4 Rg8 31.Kh2 b4 32.Ne7 Rxg2+ 33.Kxg2 
Qe2+ 34.Kg1 Qe1+ 35.Kg2 Qe2+ 36.Kg1 Qe1+ 37.Kg2 Qe2+ 38.Kg1 Qe1+ 1/2-1/2

[Event "21st Reykjavik op"]
[Site "Reykjavik ISL"]
[Date "2004.03.15"]
[Round "8.17"]
[White "Thorfinnsson, Bragi"]
[Black "Votava, Jan"]
[WhiteElo "2380"]
[BlackElo "2505"]
[Result "0-1"]
[EventDate "2004.03.07"]
[PlyCount "76"]

1.d4 Nf6 2.c4 g6 3.Nc3 d5 4.Nf3 Bg7 5.cxd5 Nxd5 6.e4 Nxc3 7.bxc3 c5 8.Be3 
Qa5 9.Qd2 Nc6 10.Rc1 cxd4 11.cxd4 Qxd2+ 12.Kxd2 O-O 13.d5 Rd8 14.Ke1 Nb4 
15.Bd2 Na6 16.Bb5 e6 17.dxe6 Bxe6 18.a4 Rac8 19.Ke2 Nc5 20.e5 a6 21.Bc4 
Bg4 22.a5 Bxe5 23.Be3 Na4 24.Bb3 Nc3+ 25.Kf1 Bf6 26.h3 Bd7 27.g4 Nd5 28.
Kg2 Nxe3+ 29.fxe3 Bc6 30.Rhf1 Bb5 31.Rfd1 Rxc1 32.Rxc1 Rd3 33.g5 Bb2 34.
Rc8+ Kg7 35.Ba2 Rc3 36.Rb8 Bc6 37.Kf2 Rc2+ 38.Kg3 Ba3 0-1

[Event "21st Reykjavik op"]
[Site "Reykjavik ISL"]
[Date "2004.03.15"]
[Round "8.19"]
[White "Ptacnikova, Lenka"]
[Black "Galego, Luis"]
[WhiteElo "2214"]
[BlackElo "2479"]
[Result "0-1"]
[EventDate "2004.03.07"]
[PlyCount "112"]

1.c4 Nf6 2.g3 c5 3.Bg2 Nc6 4.Nc3 d6 5.a3 g6 6.Rb1 a5 7.Nf3 Bg7 8.O-O O-O 
9.d3 Bd7 10.Ne1 Qc8 11.Nc2 Bh3 12.b4 Bxg2 13.Kxg2 cxb4 14.axb4 axb4 15.
Nxb4 Nxb4 16.Rxb4 Qc6+ 17.f3 d5 18.Qb3 d4 19.Rb6 Qc8 20.Na4 Ra5 21.Rb5 
Rxb5 22.Qxb5 Qd7 23.Qb4 Qc6 24.Nc5 b6 25.Nb3 e5 26.Bg5 Ra8 27.Ra1 Rxa1 28.
Nxa1 Bf8 29.Qb3 Nd7 30.Nc2 h6 31.Bd2 g5 32.Bb4 Bc5 33.Bxc5 bxc5 34.h3 h5 
35.Qb1 Nf8 36.Qb8 Qa4 37.Ne1 Qb4 38.Qxb4 cxb4 39.Nc2 b3 40.Na3 Ne6 41.Kf2 
h4 42.gxh4 gxh4 43.e3 f5 44.Ke2 f4 45.e4 Ng5 46.c5 Kf8 47.Nc4 Nxh3 48.c6 
Ke7 49.Nxe5 Kd6 50.Nc4+ Kc7 51.Kf1 Ng5 52.Kg2 h3+ 53.Kh2 Nxf3+ 54.Kxh3 Ne5
55.Nb2 Kxc6 56.Kg2 Kb5 0-1

[Event "21st Reykjavik op"]
[Site "Reykjavik ISL"]
[Date "2004.03.15"]
[Round "8.21"]
[White "Thorhallsson, Throstur"]
[Black "Gunnarsson, Jon Viktor"]
[WhiteElo "2459"]
[BlackElo "2376"]
[Result "1/2-1/2"]
[EventDate "2004.03.07"]
[PlyCount "83"]

1.e4 e6 2.d4 d5 3.Nc3 Bb4 4.Bd3 Nc6 5.e5 Nge7 6.a3 Bxc3+ 7.bxc3 Ng6 8.h4 
f5 9.h5 Nge7 10.g4 O-O 11.Bg5 Qd7 12.Nh3 b6 13.h6 g6 14.Bf6 a5 15.Nf4 Ba6 
16.gxf5 Nxf5 17.Bxf5 Rxf6 18.exf6 exf5 19.Qf3 Rd8 20.Kd2 Qf7 21.Rae1 Bc8 
22.Re2 Qxf6 23.Rhe1 Kf7 24.Nxd5 Qd6 25.Nf4 a4 26.Nd3 Bb7 27.Qf4 Rd7 28.
Qxd6 cxd6 29.Re8 Na5 30.Rh8 Kf6 31.Rf8+ Kg5 32.Nb2 Kxh6 33.Rfe8 Be4 34.Rb8
Kg5 35.Rxb6 Kf4 36.Rb5 Ra7 37.Re3 h5 38.Rb8 h4 39.Nd3+ Kg4 40.Rb4 Rc7 41.
Ke2 Bxd3+ 42.Rxd3 1/2-1/2

[Event "21st Reykjavik op"]
[Site "Reykjavik ISL"]
[Date "2004.03.15"]
[Round "8.22"]
[White "Kristjansson, Stefan"]
[Black "Thorsteinsson, Thorsteinn"]
[WhiteElo "2404"]
[BlackElo "2278"]
[Result "1-0"]
[EventDate "2004.03.07"]
[PlyCount "153"]

1.e4 e6 2.d4 d5 3.e5 c5 4.c3 Nc6 5.Nf3 Qb6 6.a3 c4 7.Nbd2 Na5 8.g3 f5 9.
exf6 gxf6 10.Bg2 Nh6 11.Nh4 Nf7 12.O-O Bg7 13.f4 O-O 14.f5 e5 15.Bxd5 exd4
16.Nxc4 Nxc4 17.Bxc4 dxc3+ 18.Rf2 Rd8 19.Qh5 Qc7 20.Ba2 b6 21.bxc3 Bb7 22.
Bf4 Qe7 23.Re2 Qc5+ 24.Be3 Qc7 25.Bf4 Qc5+ 26.Be3 Qc7 27.Bd4 Bd5 28.Bxd5 
Rxd5 29.Rae1 Ne5 30.Nf3 Qf7 31.Qxf7+ Kxf7 32.Nxe5+ fxe5 33.Bxe5 Bxe5 34.
Rxe5 Rxe5 35.Rxe5 Rc8 36.Re3 Rc4 37.Kg2 h5 38.h3 Kf6 39.Rf3 Ra4 40.Kf2 b5 
41.Ke2 Rxa3 42.g4 hxg4 43.hxg4 Ra6 44.Rh3 Ke5 45.Rh8 Kf4 46.Rg8 Rc6 47.Kd3
Rd6+ 48.Kc2 Ke5 49.Kb3 a5 50.Ra8 a4+ 51.Kb4 Rd5 52.Ra6 Kf4 53.Rg6 Ke5 54.
f6 Ke6 55.g5 Rf5 56.Rg7 Rf4+ 57.Kxb5 a3 58.Ra7 Rg4 59.c4 Rxg5+ 60.c5 Rg3 
61.f7 Rf3 62.Rxa3 Rxf7 63.Rd3 Rf1 64.c6 Rb1+ 65.Ka6 Ke7 66.c7 Ra1+ 67.Kb7 
Rb1+ 68.Kc8 Rb2 69.Re3+ Kf7 70.Re4 Rb1 71.Kd7 Rd1+ 72.Kc6 Rc1+ 73.Kd6 Kf6 
74.Re8 Rd1+ 75.Kc6 Rc1+ 76.Kb6 Rb1+ 77.Ka5 1-0

[Event "21st Reykjavik op"]
[Site "Reykjavik ISL"]
[Date "2004.03.15"]
[Round "8.23"]
[White "Kjartansson, David"]
[Black "Pokorna, Regina"]
[WhiteElo "2267"]
[BlackElo "2390"]
[Result "1-0"]
[EventDate "2004.03.07"]
[PlyCount "121"]

1.e4 e5 2.Nf3 Nc6 3.Bb5 a6 4.Bxc6 dxc6 5.O-O f6 6.Qe2 Bg4 7.Rd1 Bd6 8.c3 
c5 9.Na3 Ne7 10.Nc4 Nc6 11.h3 Bh5 12.a3 O-O 13.b4 Bxf3 14.Qxf3 Qd7 15.d3 
b5 16.Nxd6 cxd6 17.Qg4 Qe7 18.Be3 Rfd8 19.Rd2 Rac8 20.Raa2 cxb4 21.axb4 
Nb8 22.Bb6 Re8 23.Ra3 Qb7 24.Be3 d5 25.Bc5 dxe4 26.dxe4 Rcd8 27.Qe2 g6 28.
c4 bxc4 29.Qxc4+ Qf7 30.Qe2 Rd7 31.Rd1 Red8 32.Rxd7 Qxd7 33.Kh2 Kg7 34.f3 
Qd2 35.Qxd2 Rxd2 36.Rc3 Rd7 37.Kg3 Kf7 38.h4 Nc6 39.Ra3 Nb8 40.Kf2 Rd2+ 
41.Kg3 Rd7 42.Kh3 f5 43.h5 Kf6 44.h6 Kg5 45.exf5 gxf5 46.Ra5 Kf4 47.Bf2 
Rb7 48.Bg3+ Kg5 49.Bxe5 Kxh6 50.Bxb8 Rxb8 51.Rxf5 Rxb4 52.Rf6+ Kg5 53.Rxa6
h5 54.g3 Kf5 55.f4 Ke4 56.Rh6 Kf3 57.Kh4 Rb1 58.Rxh5 Rg1 59.Ra5 Rh1+ 60.
Kg5 Kxg3 61.Ra3+ 1-0

[Event "21st Reykjavik op"]
[Site "Reykjavik ISL"]
[Date "2004.03.15"]
[Round "8.25"]
[White "Thorarinsson, Pall"]
[Black "Pedersen, Nicolai Vesterbaek"]
[WhiteElo "2278"]
[BlackElo "2510"]
[Result "0-1"]
[EventDate "2004.03.07"]
[PlyCount "88"]

1.e4 e5 2.Nf3 Nc6 3.Nc3 Nf6 4.g3 Bc5 5.Bg2 d6 6.d3 a6 7.Bg5 h6 8.Be3 Bxe3 
9.fxe3 Be6 10.Nh4 Ng4 11.Qf3 Qg5 12.Nd1 Nb4 13.Kd2 Nc6 14.c3 Rd8 15.Nf5 d5
16.h4 Qg6 17.h5 Qg5 18.Bh3 Nf6 19.Kc2 dxe4 20.dxe4 Bxf5 21.exf5 Qxh5 22.g4
Qg5 23.Nf2 Rd7 24.Rad1 Rxd1 25.Rxd1 h5 26.Rg1 Ke7 27.Bf1 hxg4 28.Nxg4 Rh4 
29.Nxf6 Qxg1 30.Nd5+ Kf8 31.f6 Rh2+ 32.Kb3 Qf2 33.fxg7+ Kg8 34.Qxf2 Rxf2 
35.Bh3 f5 36.Nxc7 Kxg7 37.Ne8+ Kg6 38.Nd6 Rf3 39.Bg2 Rxe3 40.Nxb7 e4 41.
Nc5 Re1 42.a4 Kg5 43.Nxa6 Rg1 44.Bh3 e3 0-1

[Event "21st Reykjavik op"]
[Site "Reykjavik ISL"]
[Date "2004.03.15"]
[Round "8.26"]
[White "Bromann, Thorbjorn"]
[Black "Bjornsson, Sigurbjorn"]
[WhiteElo "2371"]
[BlackElo "2337"]
[Result "0-1"]
[EventDate "2004.03.07"]
[PlyCount "84"]

1.d4 Nf6 2.Nf3 g6 3.Nc3 d5 4.Bf4 Bg7 5.e3 O-O 6.Be2 c5 7.Ne5 Nc6 8.O-O 
cxd4 9.exd4 Bf5 10.Nxc6 bxc6 11.Na4 Nd7 12.c3 Re8 13.g4 e5 14.Bg3 Be6 15.
f4 exf4 16.Bxf4 c5 17.dxc5 Ne5 18.h3 h5 19.Rf2 Qh4 20.Rg2 d4 21.cxd4 Nc6 
22.Bg3 Qxh3 23.Bf2 Nxd4 24.Rg3 Nxe2+ 25.Qxe2 Bxg4 26.Qb5 Qh4 27.Re3 Qd8 
28.c6 Rxe3 29.Bxe3 Qc7 30.Bf2 Be5 31.Re1 Bh2+ 32.Kg2 Rd8 33.Nc3 Qf4 34.Ne4
Bf3+ 35.Kf1 Bxe4 36.c7 Rc8 37.Qd7 Bf5 38.Qd8+ Kh7 39.Re8 Bh3+ 40.Ke2 Qc4+ 
41.Kd2 Qb4+ 42.Ke3 Qb6+ 0-1

[Event "21st Reykjavik op"]
[Site "Reykjavik ISL"]
[Date "2004.03.15"]
[Round "8.28"]
[White "Ardaman, Miles"]
[Black "Halldorsson, Halldor"]
[WhiteElo "2307"]
[BlackElo "2159"]
[Result "1/2-1/2"]
[EventDate "2004.03.07"]
[PlyCount "55"]

1.d3 d5 2.Nd2 Nf6 3.e4 e5 4.Ngf3 Bd6 5.Be2 O-O 6.c3 b6 7.O-O Bb7 8.exd5 
Bxd5 9.Re1 Nbd7 10.Bf1 Nc5 11.Nxe5 Bxe5 12.Rxe5 Be6 13.Nf3 Ng4 14.Re1 Qf6 
15.d4 Nd7 16.h3 Nh6 17.Bb5 Rae8 18.Bg5 Qg6 19.Qd2 c6 20.Nh4 Qh5 21.Be2 Bg4
22.hxg4 Nxg4 23.Bxg4 Qxg4 24.Be7 Rxe7 25.Rxe7 Nf6 26.g3 Nd5 27.Qe2 Qh3 28.
Re8 1/2-1/2

[Event "21st Reykjavik op"]
[Site "Reykjavik ISL"]
[Date "2004.03.15"]
[Round "8.29"]
[White "Lehikoinen, Pertti"]
[Black "Steindorsson, Sigurdur Pall"]
[WhiteElo "2234"]
[BlackElo "2218"]
[Result "1/2-1/2"]
[EventDate "2004.03.07"]
[PlyCount "145"]

1.d4 Nf6 2.c4 e6 3.Nf3 b6 4.g3 Bb7 5.Bg2 Be7 6.Nc3 O-O 7.Qc2 d5 8.cxd5 
exd5 9.O-O Na6 10.Rd1 Qc8 11.Bf4 Rd8 12.Rac1 c5 13.Nb5 Ne4 14.Nc3 Qe6 15.
dxc5 Nxc3 16.bxc3 bxc5 17.Ng5 Bxg5 18.Bxg5 f6 19.Bf4 Rd7 20.Rb1 Rad8 21.h4
Bc6 22.Kh2 Re7 23.Rb2 Kh8 24.Bh3 Qg8 25.Bg2 Qe8 26.Rdb1 Nc7 27.Bxc7 Rxc7 
28.e3 g6 29.Qd3 Qe5 30.Rb8 Rxb8 31.Rxb8+ Kg7 32.Rd8 Qe7 33.Rb8 Qe5 34.Qd2 
Rd7 35.Qb2 Qd6 36.Qb3 Rd8 37.Rxd8 Qxd8 38.Qb1 Qd7 39.Qb8 c4 40.Qf4 a5 41.
g4 Qe7 42.g5 Qe5 43.Kg3 Kf7 44.Bh3 Be8 45.Qxe5 fxe5 46.Kf3 Ke7 47.Ke2 Kd6 
48.f4 Bf7 49.f5 gxf5 50.Bxf5 Bg6 51.Bg4 Bb1 52.a3 d4 53.exd4 exd4 54.cxd4 
c3 55.Bf3 Bf5 56.Kd1 Bd3 57.Kc1 c2 58.Kd2 Bf5 59.Bb7 Bg6 60.Bf3 Bf5 61.h5 
Bd3 62.Bb7 Bf5 63.Ba6 Kd5 64.Bb5 Kxd4 65.Be8 Ke5 66.h6 Kf4 67.g6 Kg5 68.
gxh7 Bxh7 69.Ba4 Kxh6 70.Bxc2 Bxc2 71.Kxc2 Kg7 72.Kb3 Kf7 73.a4 1/2-1/2

[Event "21st Reykjavik op"]
[Site "Reykjavik ISL"]
[Date "2004.03.15"]
[Round "8.31"]
[White "Thorsteinsson, Erlingur"]
[Black "Halldorsson, Bragi"]
[WhiteElo "2138"]
[BlackElo "2211"]
[Result "0-1"]
[EventDate "2004.03.07"]
[PlyCount "130"]

1.e4 c6 2.Be2 d5 3.d3 e5 4.Nf3 f6 5.Nbd2 Be6 6.O-O d4 7.c4 Bd6 8.Rb1 c5 9.
Nh4 Ne7 10.Bg4 Qd7 11.Bxe6 Qxe6 12.Qh5+ g6 13.Qh6 Nbc6 14.a3 O-O-O 15.Nb3 
g5 16.Nf3 Qf7 17.Bd2 Qg6 18.Qxg6 hxg6 19.h3 Rd7 20.Nh2 Nd8 21.Nc1 Ne6 22.
Ne2 Nc6 23.b4 Nf4 24.Nxf4 exf4 25.Ng4 f5 26.Nf6 Rf7 27.bxc5 Bxc5 28.Nd5 
Bxa3 29.f3 Bd6 30.exf5 gxf5 31.Rb3 Ne5 32.Ra1 Bb8 33.Kf2 Ng6 34.Re1 Ne5 
35.Bc1 Bd6 36.Ba3 Bxa3 37.Rxa3 Re8 38.h4 gxh4 39.Nxf4 Rfe7 40.Rh1 Nc6 41.
Rxh4 b6 42.Rh6 Kb7 43.Rb3 Re5 44.Rb2 R8e7 45.Rf6 Rd7 46.Ne6 Nd8 47.Nf4 Nc6
48.Rb1 a5 49.Rh1 Rc5 50.Rhh6 a4 51.Nd5 a3 52.Nb4 Rc7 53.Nd5 a2 54.Rh1 Rxd5
55.cxd5 Nb4 56.Ra1 Rc1 57.Rf7+ Kb8 58.Rxa2 Nxa2 59.g4 fxg4 60.fxg4 Nb4 61.
g5 Nxd3+ 62.Ke2 Ne5 63.Re7 d3+ 64.Kd2 Rc2+ 65.Kd1 Nc4 0-1

[Event "21st Reykjavik op"]
[Site "Reykjavik ISL"]
[Date "2004.03.15"]
[Round "8.32"]
[White "Halldorsson, Jon Arni"]
[Black "Maack, Kjartan"]
[WhiteElo "2200"]
[BlackElo "2176"]
[Result "1/2-1/2"]
[EventDate "2004.03.07"]
[PlyCount "106"]

1.d4 e6 2.c4 f5 3.Nc3 Nf6 4.e3 Be7 5.Bd3 d6 6.Qc2 O-O 7.Nge2 a5 8.f3 Nc6 
9.a3 Kh8 10.e4 fxe4 11.Nxe4 Nxe4 12.Bxe4 Bf6 13.Be3 g6 14.O-O-O d5 15.Bd3 
Ne7 16.h4 dxc4 17.Qxc4 Nd5 18.Bf2 b6 19.Qc2 Ba6 20.h5 Bxd3 21.Qxd3 g5 22.
Bg3 Qe7 23.Nc3 Nxc3 24.Qxc3 c5 25.Be5 cxd4 26.Qxd4 Rac8+ 27.Kb1 Bxe5 28.
Qxe5+ Qf6 29.Qxf6+ Rxf6 30.Rd6 b5 31.Re1 Kg7 32.Re5 Rf5 33.Rxf5 exf5 34.
Rd5 Rb8 35.Rxf5 h6 36.g4 a4 37.Kc2 b4 38.Rc5 bxa3 39.bxa3 Rb3 40.Rc3 Rb6 
41.Kd3 Kf6 42.Ke4 Re6+ 43.Kd5 Rb6 44.Kc5 Rb3 45.Kc4 Rb1 46.Re3 Rb8 47.Kd5 
Rb3 48.Ke4 Rb8 49.f4 gxf4 50.Kxf4 Rb3 51.Ke4 Rb6 52.Kd5 Rb3 53.Kd4 Rb6 
1/2-1/2

[Event "21st Reykjavik op"]
[Site "Reykjavik ISL"]
[Date "2004.03.15"]
[Round "8.33"]
[White "Hagesaether, Ellen"]
[Black "Bergsson, Stefan"]
[WhiteElo "2194"]
[BlackElo "2036"]
[Result "1-0"]
[EventDate "2004.03.07"]
[PlyCount "89"]

1.Nf3 c5 2.g3 Nc6 3.Bg2 g6 4.O-O Bg7 5.d3 e5 6.e4 Nge7 7.c3 O-O 8.a3 d5 9.
b4 cxb4 10.cxb4 b5 11.Bb2 d4 12.Nbd2 h6 13.Nb3 f5 14.exf5 gxf5 15.Nc5 Qd6 
16.Re1 Rb8 17.Rc1 f4 18.Nd2 Qg6 19.Be4 Qg5 20.Bf3 fxg3 21.hxg3 Qg6 22.Bh5 
Qf5 23.Nde4 Nd8 24.Rc2 Rb6 25.Bc1 Ng6 26.a4 bxa4 27.Nxa4 Rc6 28.Rxc6 Nxc6 
29.b5 Nce7 30.Ba3 Rd8 31.Nd6 Qf6 32.Nxc8 Rxc8 33.Nc5 Kh7 34.Ne4 Qb6 35.Qg4
Qa5 36.Ra1 Rc2 37.Qd1 Qc7 38.Bd6 Qc8 39.Bg4 Qb7 40.Qxc2 Qxb5 41.Rxa7 Nd5 
42.Bf5 Qb6 43.Bc5 Qd8 44.Qa2 Qb8 45.Qxd5 1-0

[Event "21st Reykjavik op"]
[Site "Reykjavik ISL"]
[Date "2004.03.15"]
[Round "8.34"]
[White "Kjartansson, Gudmundur"]
[Black "Ragnarsson, Johann"]
[WhiteElo "2162"]
[BlackElo "2122"]
[Result "1-0"]
[EventDate "2004.03.07"]
[PlyCount "51"]

1.e4 c6 2.d4 d5 3.exd5 cxd5 4.c4 Nf6 5.Nc3 g6 6.cxd5 Bg7 7.Bc4 O-O 8.Nge2 
Nbd7 9.Bb3 Nb6 10.Nf4 h6 11.Be3 Bf5 12.O-O g5 13.Nh5 Nxh5 14.Qxh5 Bd3 15.
Rfe1 Bc4 16.Bc2 Nxd5 17.Bxg5 Nf6 18.Bxf6 exf6 19.Re3 Qxd4 20.Rd1 Qf4 21.
Re4 Qg5 22.Qxg5 fxg5 23.Rxc4 Rac8 24.Rxc8 Rxc8 25.Bb3 Bxc3 26.Rc1 1-0

[Event "21st Reykjavik op"]
[Site "Reykjavik ISL"]
[Date "2004.03.15"]
[Round "8.35"]
[White "Johnsen, Sylvia"]
[Black "Ingolfsdottir, Harpa"]
[WhiteElo "2083"]
[BlackElo "2051"]
[Result "1-0"]
[EventDate "2004.03.07"]
[PlyCount "129"]

1.e4 e6 2.d4 d5 3.Nc3 Nf6 4.exd5 exd5 5.h3 Bf5 6.Be3 Bb4 7.a3 Ba5 8.b4 Bb6
9.Nf3 O-O 10.Be2 c6 11.Qd2 Bc7 12.Ne5 Nbd7 13.Bf4 Nxe5 14.Bxe5 Bxe5 15.
dxe5 Nd7 16.g4 Bg6 17.h4 f5 18.h5 Be8 19.f4 fxg4 20.O-O-O Qe7 21.Bxg4 a5 
22.Nxd5 cxd5 23.Qxd5+ Kh8 24.Bxd7 Bxd7 25.Qxd7 Qxd7 26.Rxd7 axb4 27.Rg1 
Rxf4 28.Rgxg7 bxa3 29.Rxh7+ Kg8 30.Rdg7+ Kf8 31.h6 Ke8 32.Rh8+ Rf8 33.
Rxf8+ Kxf8 34.Kb1 Ra6 35.Rxb7 Rxh6 36.Ra7 Rb6+ 37.Kc1 Rb5 38.e6 Rb6 39.
Rxa3 Rxe6 40.Kd2 Ke7 41.Ra7+ Kd8 42.c4 Rc6 43.Kd3 Rc7 44.Ra8+ Kd7 45.Kd4 
Kc6 46.Ra6+ Kb7 47.Rh6 Rc6 48.Rh7+ Kb6 49.Rh1 Rd6+ 50.Kc3 Rc6 51.Kb4 Re6 
52.Rh5 Kc6 53.Ra5 Re4 54.Ra6+ Kb7 55.Rf6 Re7 56.Kb5 Rd7 57.c5 Kc7 58.Ra6 
Rd8 59.Ra7+ Kb8 60.Kb6 Rc8 61.Rb7+ Ka8 62.Ra7+ Kb8 63.Rg7 Re8 64.c6 Rh8 
65.Rb7+ 1-0

[Event "21st Reykjavik op"]
[Site "Reykjavik ISL"]
[Date "2004.03.15"]
[Round "8.36"]
[White "Gretarsdottir, Gudfridur Lilja"]
[Black "Gunnarsson, Runar"]
[WhiteElo "2071"]
[BlackElo "2016"]
[Result "1/2-1/2"]
[EventDate "2004.03.07"]
[PlyCount "106"]

1.c4 Nf6 2.g3 c6 3.Bg2 d5 4.cxd5 cxd5 5.d4 g6 6.Nc3 Bg7 7.Nf3 O-O 8.O-O e6
9.Ne5 Nfd7 10.Nxd7 Qxd7 11.Bf4 b6 12.Qd2 Ba6 13.Bh6 Nc6 14.Bxg7 Kxg7 15.h4
h5 16.Rfd1 Rac8 17.Qf4 Qc7 18.Qf3 Ne7 19.Bh3 Bb7 20.Qe3 a6 21.Rac1 Qd6 22.
Na4 Rxc1 23.Rxc1 Rc8 24.Rxc8 Nxc8 25.a3 Bc6 26.Nc3 Ne7 27.Nb1 Ng8 28.Qc3 
Nf6 29.Bg2 Bb7 30.e3 Qc6 31.Bf1 Qxc3 32.Nxc3 Ne4 33.Nxe4 dxe4 34.Be2 f5 
35.Kf1 Kf7 36.Ke1 Ke7 37.Kd2 Kd6 38.Kc3 Kc7 39.Kb4 a5+ 40.Kc3 Bd5 41.b4 
axb4+ 42.Kxb4 Bc6 43.a4 Kd6 44.Bc4 Kd7 45.a5 bxa5+ 46.Kxa5 Kd6 47.Kb6 Be8 
48.Bb3 Bf7 49.Kb7 Bg8 50.Kc8 Ke7 51.Kc7 Bf7 52.Ba4 Bg8 53.Bc6 Bf7 1/2-1/2

[Event "21st Reykjavik op"]
[Site "Reykjavik ISL"]
[Date "2004.03.15"]
[Round "8.37"]
[White "Ingibergsson, Valgard"]
[Black "Kjartansson, Olafur"]
[WhiteElo "1920"]
[BlackElo "2034"]
[Result "1/2-1/2"]
[EventDate "2004.03.07"]
[PlyCount "72"]

1.e4 c5 2.c4 Nc6 3.g3 g6 4.Ne2 Bg7 5.Bg2 e6 6.O-O Nge7 7.Nbc3 d6 8.d3 Nd4 
9.Nxd4 cxd4 10.Ne2 O-O 11.b3 d5 12.Bb2 dxe4 13.Bxe4 e5 14.Ba3 Bh3 15.Bg2 
Bxg2 16.Kxg2 f5 17.Rc1 Re8 18.b4 Qd7 19.Qb3 Qc6+ 20.f3 e4 21.b5 Qe6 22.
fxe4 fxe4 23.Nf4 Qe5 24.dxe4 Qxe4+ 25.Qf3 Nf5 26.Qxe4 Rxe4 27.Rfe1 Rae8 
28.Rxe4 Rxe4 29.Bb4 g5 30.Nd5 Re2+ 31.Kf3 d3 32.Rd1 h5 33.Rxd3 Rxa2 34.Ke4
Nh6 35.c5 Ng4 36.Kf3 Ne5+ 1/2-1/2

[Event "21st Reykjavik op"]
[Site "Reykjavik ISL"]
[Date "2004.03.15"]
[Round "8.38"]
[White "Thorkelsson, Sigurjon"]
[Black "Palsson, Halldor"]
[WhiteElo "2012"]
[BlackElo "2021"]
[Result "1/2-1/2"]
[EventDate "2004.03.07"]
[PlyCount "118"]

1.e4 Nc6 2.d4 d5 3.e5 Bf5 4.c3 f6 5.f4 Qd7 6.Nf3 O-O-O 7.Be3 g5 8.Bb5 gxf4
9.Bxf4 Bxb1 10.Rxb1 Qg4 11.Qd2 h5 12.Bxc6 bxc6 13.h3 Qg6 14.O-O Bh6 15.Nh4
Qh7 16.Rbe1 f5 17.Nxf5 Qxf5 18.Bxh6 Qe6 19.Bg5 Nh6 20.Bxh6 Rxh6 21.Qd3 Kb7
22.b4 Rg8 23.Re2 Rhg6 24.Kh2 h4 25.Qf5 Qxf5 26.Rxf5 Rg3 27.Rf7 Rxc3 28.
Rxe7 Rd3 29.Rh7 Rxd4 30.e6 Rxb4 31.e7 Re8 32.g4 hxg3+ 33.Kxg3 Kc8 34.Kf3 
Kd7 35.h4 Rb1 36.h5 c5 37.Kg2 d4 38.h6 Rb6 39.Re5 Rg6+ 40.Kf3 Kd6 41.Rh5 
Re6 42.Rg7 d3 43.Rh2 Rh8 44.h7 Rxe7 45.Rxe7 Kxe7 46.Ke3 c4 47.Kd2 Kf6 48.
Kc3 Ke5 49.Kxc4 Ke4 50.Rh4+ Ke3 51.Rh3+ Ke4 52.Kc3 Kf5 53.Kxd3 Kg6 54.Kc4 
Rxh7 55.Rxh7 Kxh7 56.Kc5 Kg7 57.Kc6 Kf7 58.Kxc7 Ke7 59.a4 a5 1/2-1/2

[Event "21st Reykjavik op"]
[Site "Reykjavik ISL"]
[Date "2004.03.16"]
[Round "9.5"]
[White "Atalik, Suat"]
[Black "Ehlvest, Jaan"]
[WhiteElo "2554"]
[BlackElo "2599"]
[Result "0-1"]
[EventDate "2004.03.07"]
[PlyCount "70"]

1.d4 Nf6 2.c4 g6 3.Nc3 Bg7 {I was suspecting that Jaan might have gone for
his renewed weapon King's Indian. However because of the tight schedule I 
did not have enough time to prepare anything in particular for this 
important final round game.} 4.e4 d6 5.Nf3 O-O 6.Be2 e5 7.O-O Nc6 8.d5 Ne7
9.Nd2 {A classical system. I am sure in the future I will be more 
efficient to handle positions arising from 9.i d2.} 9...a5 10.a3 Nd7 11.
Rb1 f5 12.b4 Kh8 13.Qc2 $5 ( 13.f3 Ng8 14.Qc2 Ngf6 15.Bd3 f4 16.Nb5 b6 17.
Bb2 Ne8 18.Be2 $13 {is another variation.} ) 13...Ng8 14.exf5 gxf5 15.f4 
Ne7 {Considered to be the best.} ( 15...exf4 16.Nf3 Ndf6 17.Bxf4 $14 ) 16.
Bb2 $1 $146 {A result of over the board inspiration.} ( 16.Nf3 e4 17.Ng5 
Nf6 18.Rd1 axb4 19.axb4 c6 20.dxc6 bxc6 21.Be3 h6 22.Nh3 Ng4 23.Bc5 Ra3 ( 
23...Nd5 24.cxd5 dxc5 25.Bxg4 fxg4 26.Nf2 e3 27.Nfe4 cxb4 28.dxc6 Qa5 29.
Nd5 Bf5 $40 ) ( 23...dxc5 24.Rxd8 Rxd8 $44 ) 24.Rb3 Rxb3 25.Qxb3 Nd5 26.
cxd5 dxc5 27.dxc6 Bd4+ 28.Kh1 Ne3 $40 ) 16...exf4 ( 16...Ng6 17.fxe5 ( 17.
g3 $2 exf4 18.gxf4 Nxf4 ) 17...Ndxe5 18.Nb5 f4 ( 18...axb4 19.axb4 Bd7 20.
Nd4 Qg5 21.N2f3 Qe3+ 22.Kh1 Qe4 23.Ng5 Qxc2 24.Nxc2 $14 ) 19.Nd4 axb4 20.
axb4 c5 21.dxc6 bxc6 22.c5 dxc5 23.Qxc5 $14 ) 17.Bd3 $1 {Now white is all 
set up for i e2-f4.} 17...axb4 18.axb4 Ne5 19.Ne2 N7g6 20.Nxf4 Qg5 $1 {
Somehow this move took me by surprise. Already in this very moment we were
low on time for some strange reason.} 21.g3 {Looks like the best is to 
take some time before exchanging on e5.} ( 21.Nxg6+ $6 hxg6 22.Bd4 Bd7 ( 
22...Qh4 23.Bf2 ( 23.Qc3 $6 Ra3 24.Rb3 Rxb3 25.Nxb3 f4 26.Nd2 f3 $40 ) 
23...Qg5 ) 23.Qc3 Ra2 24.Rf2 Rfa8 ) 21...Ra2 22.Be2 $2 {An unexplainable 
mistake in calculation.} ( {For some reason after my originally intended} 
22.Nf3 {I started to get worried about the queen sack with} 22...Nxf4 $2 (
22...Qg4 23.Nxe5 dxe5 24.Be2 Qg5 25.Nh5 Qe3+ 26.Kh1 Bh6 27.Bd3 b5 28.cxb5 
Bb7 29.Bc4 $16 ) ( 22...Qe7 23.Nxe5 dxe5 24.Nh5 $16 ) 23.Nxg5 Nfxd3 {
overlooking the fact that I simply do have to run away with the king and 
he can not get the third minor piece after that.} 24.Kh1 $1 $18 ) 22...
Nxf4 23.Rxf4 Re8 $1 {Using also the e line is very strong.} ( 23...Rxb2 
24.Rxb2 Ng6 25.Rf3 ( 25.Rf2 $2 Bd4 26.Nf3 Bxf2+ 27.Kxf2 Qf6 $17 ) 25...f4 
26.Ne4 Bd4+ 27.Kh1 Qe5 28.Rb1 Bf5 29.Bd3 Bg4 30.Rbf1 Bxf3+ 31.Rxf3 fxg3 
32.Rxf8+ Nxf8 33.hxg3 $11 ) 24.Nb3 {Decenterilization! A very good sign 
that whitemay go downhill from now on.} ( 24.Nf3 Qf6 ( 24...Qe7 $6 25.Nh4 
Rf8 26.Qb3 $16 ) ( 24...Qh6 $6 25.Nh4 $36 ) 25.Bxe5 dxe5 ( 25...Rxc2 26.
Bxf6 Rexe2 27.Bxg7+ Kxg7 28.Re1 ) 26.Qxa2 exf4 27.gxf4 Qc3 $40 ) 24...Rxb2
25.Rxb2 Ng6 26.Rf2 $6 {Yes but this is too much. In my dreamsful frames of
mind I simply thought that I could meet f5-f4 with something which even I 
myself could not figure out during the game.} ( {Anyway the attack is also
very strong after} 26.Rf3 f4 27.Bf1 ( 27.Qd2 Bxb2 ( 27...Qe5 $2 28.Ra2 Bg4
29.gxf4 Qxe2 30.Qxe2 Rxe2 31.Rxe2 Bxf3 32.Re8+ Nf8 33.Re7 $132 ) 28.Qxb2+ 
Kg8 29.Qd2 Bg4 30.Rf2 Bxe2 31.Rxe2 Rxe2 32.Qxe2 fxg3 33.Qe6+ Kg7 34.Qd7+ 
Ne7 35.hxg3 Qxg3+ 36.Kh1 Qf3+ 37.Kh2 Qe2+ $19 ) 27...Qh5 28.Nd2 Bf5 $19 ) 
26...f4 27.Qd2 Qe5 $2 $138 {A major slip in Jaan's technique.} ( 27...Re3 
$142 $1 28.Kh1 Qe5 $19 ) 28.Rb1 $4 {Material girl! I have really played 
thisgame like a virgin!} ( 28.Bd3 Qxb2 ( 28...fxg3 $2 29.Re2 gxh2+ 30.Kh1 
Bg4 31.Rxe5 Bxe5 32.Be2 $18 ) 29.Qxb2 Bxb2 30.Bxg6 hxg6 31.Rxb2 fxg3 32.
hxg3 Re4 33.Rf2 Kg7 34.Rf4 $11 ) ( 28.Bf1 Qxb2 29.Qxb2 Bxb2 30.Rxb2 fxg3 
31.hxg3 Re3 32.Kf2 Rc3 33.Nd4 Ne5 34.Nb5 Rf3+ 35.Kg2 Bh3+ 36.Kxh3 Rxf1 37.
c5 $132 ) 28...fxg3 29.hxg3 Qxg3+ 30.Rg2 Qh4 31.Qe1 Qe4 $1 $19 {Now it is 
gone.} 32.Nd2 Qd4+ 33.Kh1 Nf4 34.Rh2 Bf5 $1 {Final nail in my coffin.} 35.
Rd1 Qe3 {Total paralysation resulted in resignation for me.} 0-1